MARC Record
Leader
003
BE-GnUNI
007
't'u
035
a| (MSK)310003179
084
a| I.MOULLADE G.1
245
0
0
a| G. Moullade 1893-1968 (Vente Paris, Drouot, 09.11.1987).
260
a| Paris :
b| Nouveau Drouot,
c| 1987.
300
a| 16 p. :
b| ill.
546
a| Frans
500
a| Veilingcatalogus
600
1
7
a| Moullade, Georges.
2| z
852
4
b| MSK
c| MSK
j| I.MOULLADE G.1
920
a| boek
001
000003169
005
20241224121601.0